<?xml version="1.0" encoding="UTF-8"?>
<record
    xmlns:xsi="http://www.w3.org/2001/XMLSchema-instance"
    xsi:schemaLocation="http://www.loc.gov/MARC21/slim http://www.loc.gov/standards/marcxml/schema/MARC21slim.xsd"
    xmlns="http://www.loc.gov/MARC21/slim">

  <leader>01558nam a2200253 a 4500</leader>
  <controlfield tag="003">DO-SdBNP</controlfield>
  <controlfield tag="005">20250307132358.0</controlfield>
  <controlfield tag="007">ta</controlfield>
  <controlfield tag="008">221024e2005    dr h|||fr|||| 00| 0 spa d</controlfield>
  <datafield tag="040" ind1=" " ind2=" ">
    <subfield code="a">DO-SdBNP</subfield>
    <subfield code="b">spa</subfield>
    <subfield code="c">BNPHU</subfield>
  </datafield>
  <datafield tag="082" ind1=" " ind2="4">
    <subfield code="2">22</subfield>
    <subfield code="b">A189a</subfield>
  </datafield>
  <datafield tag="245" ind1="0" ind2="0">
    <subfield code="a">Acuerdo de auto regulaci&#xF3;n de la radio y la televisi&#xF3;n para preservar los altos valores en que se sustenta la sociedad dominicana:</subfield>
    <subfield code="b">compromiso por el pa&#xED;s.</subfield>
  </datafield>
  <datafield tag="260" ind1=" " ind2=" ">
    <subfield code="a">Santo Domingo :</subfield>
    <subfield code="b">Promoci&#xF3;n para la &#xC9;tica en los Medio de Comunicaci&#xF3;n,</subfield>
    <subfield code="c">2005</subfield>
  </datafield>
  <datafield tag="300" ind1=" " ind2=" ">
    <subfield code="a">[42] p. :</subfield>
    <subfield code="b">f&#xE1;cs.</subfield>
    <subfield code="c">21 cm.</subfield>
  </datafield>
  <datafield tag="500" ind1=" " ind2=" ">
    <subfield code="a">Firmado por los radiodifusores, Canales de Televisi&#xF3;n, Episcopado Dominicano y la confederaci&#xF3;n de iglesias Evang&#xE9;licas, jueves 2 de junio 2005.</subfield>
  </datafield>
  <datafield tag="505" ind1=" " ind2=" ">
    <subfield code="t">Mensaje de Adora.--</subfield>
    <subfield code="t">&#xC9;tica en la Comunicaci&#xF3;n Actual. /</subfield>
    <subfield code="r">Dr. Jos&#xE9; Rafael Vargas.--</subfield>
    <subfield code="t">La Responsabilidad de los Comunicadores Sociales. /</subfield>
    <subfield code="r">Nicol&#xE1;s de Jes&#xFA;s Cardenal L&#xF3;pez Rodr&#xED;guez.--</subfield>
    <subfield code="t">Compromiso por el Pa&#xED;s de los Radiodifusores Dominicanos. /</subfield>
    <subfield code="t">Compromiso Empresas de Televisi&#xF3;n, Telecable y Cable del pa&#xED;s.--</subfield>
    <subfield code="t">Principios de &#xC9;tica Asociaci&#xF3;n Interamericana de radio.--</subfield>
    <subfield code="t">Reflexiones de la Confederaci&#xF3;n Dominicana Unidad Evang&#xE9;lica. /</subfield>
    <subfield code="r">Revdo. Reynaldo Franco Aquino.--</subfield>
    <subfield code="t">Una Carta que honra.</subfield>
  </datafield>
  <datafield tag="590" ind1=" " ind2=" ">
    <subfield code="a">Inventariado 2022 / MF</subfield>
  </datafield>
  <datafield tag="650" ind1=" " ind2="4">
    <subfield code="9">21014</subfield>
    <subfield code="a">Pol&#xED;tica de Radiodifusi&#xF3;n</subfield>
    <subfield code="z">Rep&#xFA;blica Dominicana</subfield>
  </datafield>
  <datafield tag="650" ind1=" " ind2="4">
    <subfield code="9">26388</subfield>
    <subfield code="a">Radio Difusi&#xF3;n</subfield>
    <subfield code="z">Rep&#xFA;blica Dominicana</subfield>
  </datafield>
  <datafield tag="710" ind1="2" ind2=" ">
    <subfield code="a">INDOTEL</subfield>
    <subfield code="9">17928</subfield>
  </datafield>
  <datafield tag="710" ind1="2" ind2=" ">
    <subfield code="a">Asociaci&#xF3;n Dominicana de Radiodifusoras (ADORA)</subfield>
    <subfield code="9">82567</subfield>
  </datafield>
  <datafield tag="910" ind1=" " ind2=" ">
    <subfield code="a">MFeliz</subfield>
  </datafield>
  <datafield tag="942" ind1=" " ind2=" ">
    <subfield code="2">ddc</subfield>
    <subfield code="c">LF2</subfield>
  </datafield>
  <datafield tag="952" ind1=" " ind2=" ">
    <subfield code="0">0</subfield>
    <subfield code="1">0</subfield>
    <subfield code="2">ddc</subfield>
    <subfield code="5">1</subfield>
    <subfield code="7">0</subfield>
    <subfield code="8">PD</subfield>
    <subfield code="a">BNPHU</subfield>
    <subfield code="b">BNPHU</subfield>
    <subfield code="c">CT</subfield>
    <subfield code="d">2018-07-24</subfield>
    <subfield code="e">CERTV</subfield>
    <subfield code="l">0</subfield>
    <subfield code="o">A189a</subfield>
    <subfield code="p">2022-4476</subfield>
    <subfield code="r">2022-10-24</subfield>
    <subfield code="w">2022-10-24</subfield>
    <subfield code="y">LF2</subfield>
  </datafield>
  <datafield tag="999" ind1=" " ind2=" ">
    <subfield code="c">52610</subfield>
    <subfield code="d">52610</subfield>
  </datafield>
</record>
